Cochin International Airport Destinations (Kochi, India) - Statistics

General Stats
  • This quiz has been taken 62 times
    19 since last reset
  • The average score is 24 of 35
Answer Stats
Airline Destination % Correct
Thai AirAsia/Thai Lion Air Bangkok (Don Mueang)
100%
Air India/Air India Express/IndiGo Delhi
100%
Air India/Air India Express/Emirates/ flydubai/IndiGo/SpiceJet Dubai (International)
100%
Air India Express/Saudia Riyadh
100%
Singapore Airlines Singapore
100%
Air Arabia/Air India Express/Akasa Air/Etihad Airways/IndiGo Abu Dhabi
94%
Akasa Air/Saudia Jeddah
94%
Air India Express/IndiGo/Oman Air Muscat
94%
IndiGo Ahmedabad
88%
Air India Express/IndiGo/SpiceJet Chennai
88%
Air India/Air India Express/IndiGo/Qatar Airways Doha
88%
VietJet Air Ho Chi Minh City
88%
AirAsia/Batik Air Malaysia/Malaysia Airlines Kuala Lumpur (International)
88%
IndiGo/Maldivian Malé
88%
Akasa Air/IndiGo Mumbai (Navi)
88%
Air India/Akasa Air/IndiGo/SpiceJet Mumbai (Shivaji)
88%
Air India Express/Akasa Air/Alliance Air/IndiGo Bengaluru
82%
SriLankan Airlines Colombo (Bandaranaike)
82%
Air India Express/Alliance Air/IndiGo Hyderabad
82%
Air India Express/Gulf Air Bahrain
76%
Air India Express/IndiGo/Jazeera Airways/Kuwait Airways Kuwait City
76%
Thai AirAsia Phuket
76%
Air Arabia/Air India Express Sharjah
71%
IndiGo Goa (Dabolim)
65%
Air India Express/IndiGo Pune
59%
IndiGo Thiruvananthapuram
47%
IndiGo Kozhikode
41%
IndiGo Ras Al Khaimah
29%
Air India Express Tiruchirappalli
24%
Air India Express Bhubaneswar
18%
IndiGo Kannur
18%
SpiceJet Fujairah
12%
Maldivian Hanimaadhoo
12%
Alliance Air/IndiGo Agatti
6%
Alliance Air Salem
0%
No matching quizzes found
Score Distribution
Percent of People with Each Score
Percentile by Number Answered
Your Score History
You have not taken this quiz since the last reset